MARC

LEADER 00000nam a22000007a 4500
001 24840
003 AGDB
005 20260324181537.0
008 251022b ru ||||| |||| 00| 0 eng d
245 |a The Bolshoi Ballet from the Bolshoi Theatre, Moscow 
260 |a New York :  |b Newcastle Press ,  |c [1962] 
300 |a [51] pàg. :  |b il. b/n ;  |c 31 cm 
500 |a Prové del fons Joan Junyer i Pascual (1909-1994) 
610 0 |a Ballet Bolshoi de Moscou (Rússia)  |9 72644 
650 |a Fons Joan Junyer i Pascual (1909-1994)  |9 72777 
650 0 |a Ballets  |x Programes  |9 56435 
710 |a Ballet Bolshoi de Moscou (Rússia)  |9 72644 
942 |2 udc  |c ARXIU  |n 1 
952 |0 0  |1 0  |4 0  |6 F504128  |7 1  |9 98547  |a Arxiu  |b Arxiu  |d 2025-10-22  |l 0  |o F-504-128  |p 24840  |r 2025-10-22 13:04:19  |w 2025-10-22  |y ARXIU 
999 |c 130298  |d 130298